000 00249nam a2200097Ia 4500
001 867099
005 20250826175600.0
008 250824s9999 xx 000 0 und d
245 0 _aİBN SİNA İLE UÇAN ADAMIN PEŞİNDE
_cÖZKAN ÖZE
260 _bKETEBE
999 _c867099
_d867099